000 01114nam a2200313 i 4500
003 EG-GICUC
005 20260414085046.0
008 260414b1929 fr ||||fr|||| 000 0 fre d
040 _aEG-GiCUC
_bfre
_cEG-GiCUC
_dEG-GiCUC
_eRda
041 _afre
082 0 4 _221
_a341.22
_bFR . D
092 0 4 _221
099 _aLaw1 11 341.22 FR . D 1929
100 1 _a Frei, Paul Henri
_eAuteur
245 1 0 _aDe La Situation Juridique Des Représentants Des Membres De La Société Des Nations Et De SES Agents /
_cPar Paul Henri Frei.
264 1 _a Paris :
_bRecueil Sirey,
_c1929.
300 _a118 page ;
_c 24 cm.
_billustration ;
336 _2rda contenu
_a texte
337 _2rda medias
_aOrdinateur
338 _2 transporteur rda
_a Ressource en ligne
500 _a(Commentaire De L'article 7, Alinéa 4 Du Pacte De La Société Des Nations)
504 _aBibliography: pages 200-250. 240-220
546 _aTexte en français
650 1 4 _aSociété des Nations
_2qrmak
651 1 _2qrmak
856 4 0 _uhttps://fll.law.cu.edu.eg/fulltext/bks/B11-05204.pdf
905 _a79
942 _2ddc
_cBK
_e21
_n0
999 _c70719
_d70719